| 000 | 01324nam a22002897i 4500 | ||
|---|---|---|---|
| 003 | EG-ScBUE | ||
| 005 | 20250317093453.0 | ||
| 008 | 131219s2003 ii a f 000 0 eng d | ||
| 020 | _a8121912237 | ||
| 020 | _a9788121912235 | ||
| 040 |
_aEG-ScBUE _beng _erda _cEG-ScBUE _dEG-ScBUE |
||
| 082 | 0 | 4 |
_222 _a530.076 _bAVA |
| 100 | 1 |
_934704 _aAvadhanulu, M. N., _eauthor. |
|
| 245 | 1 | 0 |
_aExperiments in engineering physics : _ba laboratory manual and workbook with viva voce / _cM. N. Avadhanulu, M.Sc., Ph.D., head of the Applied Physics Deptt, Kavikulguru Institute of Technology and Science Ramtek, A. A. Dani, M.Sc., Ph.D., Deppt. of Applied Physics, Priyadarshini College of Engg. and Architecture Hingna, Nagpur, P. M. Pokley, M.Sc., Deptt. of Applied Physics, Kavikulguru Institute of Technology and Science Ramtek. |
| 250 | _aThird revised edition. | ||
| 264 | 1 |
_aRam Nagar, New Delhi : _bS. Chand & Company LTD., _c2003. |
|
| 300 |
_axviii, 244 pages : _billustrations, tables ; _c24 cm |
||
| 336 |
_2rdacontent _atext _btxt |
||
| 337 |
_aunmediated _2rdamedia _bn |
||
| 338 |
_avolume _bnc _2rdacarrier |
||
| 650 | 7 |
_94188 _aPhysics _xExperiments. _2BUEsh |
|
| 653 | _cDecember2013 | ||
| 655 | _vReading book | ||
| 700 | 1 |
_934705 _aDani, A. A., _eauthor. |
|
| 700 | 1 |
_934706 _aPokley, P. M., _eauthor. |
|
| 942 |
_2ddc _cBB |
||
| 999 |
_c17879 _d17851 |
||